Responses for Show #2855 - Friday, January 17, 1997

Contestants

[<< previous game]

Bruce Bullock, an office assistant originally from Jacksonville, Florida

Pam Wilson, an editor from Los Angeles, California

Leo Jones, an aerospace systems engineer originally from Upland, California

[next game >>]

Jeopardy! Round responses

THE 1880s
RECORD LABELS
BUDDHA
PESTS
HUNGARY
CELEBRITY RHYME TIME
(Alex: Writers are having fun!)
    $100 6
(L: Who is Margaret Sanger?)
(P: Who is Florence Nightingale?)

Clara Barton

LeoPam
Triple Stumper
    $100 17
Apple Records

Pam
    $100 8
India

Bruce
    $100 9
Rat

Leo
    $100 30
Goulash

Leo
    $100 1
Dolly's trolleys

Pam
    $200 7
Johnstown

Leo
    $200 18
Smokey Robinson

Leo
    $200 22
Women

Leo
    $200 10
Moths

Leo
    $200 29
Austria

Leo
    $200 2
Jerry's cherries/berries

Pam
    $300 14
Queen Victoria

Leo
    $300 19
Radio Corporation of America

Leo
    $300 23
Rangoon

Pam
    $300 11
Fleas

Pam
    $300 28
Danube

Pam
    $300 3
Leno's stenos

Pam
    $400 15
Chicago

Bruce
    $400 20
Sun Records

Leo
    $400 24
(Bruce: What is Gautama?)

Siddhartha

PamBruce
    $400 12
Ants

Bruce
    $400 26
International Monetary Fund

Pam
    $400 4
Sawyer's lawyers

Pam
    $500 16
Emma Lazarus

Triple Stumper
    $500 21
A&M Records

Pam
    $500 25
(L: What is 8?)
(we have less than a minute to go...)

4

Leo
Triple Stumper
    $400 13
Starfish

Bruce
    $500 27
Magyars

Leo
    $500 5
(Alex: Well done in the category, off to a great start!)

Pat's cats

Pam

Scores at the first commercial break (after clue 15):

Leo Pam Bruce
$700 $1,700 $1,300

Scores at the end of the Jeopardy! Round:

Leo Pam Bruce
$2,100 $3,700 $900

Double Jeopardy! Round responses

NATIONAL PARKS
EUROPEAN HISTORY
20th CENTURY OPERA
HEALTH & MEDICINE
FICTIONAL CHARACTERS
IN THE DICTIONARY
    $200 11
(B: What is Rock City?)

Mammoth Cave

Bruce
Triple Stumper
    $200 6
Adolf Hitler

Leo
    $200 26
Hans Christian Andersen

Pam
    $200 1
Henry VIII

Leo
    $200 13
Hercule Poirot

Pam
    $200 18
"OK"

Leo
    $400 12
Hot Springs

Pam
    $400 7
France

Bruce
    $400 27
Arthur Miller

Pam
    $400 2
Blood types

Leo
    $400 14
Willa Cather

Pam
    $400 19
(P: What is zodiac?)

Horoscope

PamBruce
    $600 23
(L: What is Yellowstone?)

Badlands

LeoBruce
    $600 8
Holy Roman Empire

Bruce
    $600 28
[The end-of-round signal sounds.]

Placido Domingo

Pam
    $600 3
Worms

Leo
    $2,000 15
Stephen King

Pam
    $600 20
(Alex: That's what Pam wanted to say, but she misspoke!)
--------------------------------
(B: What is a compund word?)
(P: What is an anagram?)

Acronym

LeoPamBruce
    $800 24
Grand Teton

Pam
    $800 9
Easter Rebellion

Triple Stumper
    $800 4
Ebola virus

Pam
    $800 16
"The Lottery"

Pam
    $800 21
(L: What is German?)
(P: What is Polish?)

Yiddish

LeoPam
Triple Stumper
    $1000 25
(B: What is Monument Valley?)

Zion

Bruce
Triple Stumper
    $1000 10
Albania

Bruce
    $1,000 5
Penicillin

Pam
    $1000 17
Atticus Finch

Leo
    $1000 22
(and we have less than a minute to go in the round...)

Cannon/Canon

Bruce

Scores at the end of the Double Jeopardy! Round:

Leo Pam Bruce
$3,900 $9,500 $3,100
(lock game)

[wagering suggestions for these scores]

Final Jeopardy! Round responses

THE 1996 ELECTION
(Alex: What do you remember about it?)
BruceWho were the Soccer Moms?
$3,099
LeoWho are Bar
$3,000
PamWho were the soccer moms?
$500
soccer moms

Final scores:

Leo Pam Bruce
$900 $10,000 $6,199
3rd place: a Samsung fax machine New champion: $10,000 2nd place: a trip to Acapulco, Mexico

Game dynamics:

Coryat scores:

Leo Pam Bruce
$3,900 $8,100 $3,200
18 R,
4 W
23 R
(including 2 DDs),
4 W
10 R
(including 1 DD),
4 W

Combined Coryat: $15,200

[game clues] [game scores] [suggest correction]

Game tape date: 1996-11-06
The J! Archive is created by fans, for fans. Scraping, republication, monetization, and malicious use prohibited; this site may use cookies and collect identifying information. See terms. The Jeopardy! game show and all elements thereof, including but not limited to copyright and trademark thereto, are the property of Jeopardy Productions, Inc. and are protected under law. This website is not affiliated with, sponsored by, or operated by Jeopardy Productions, Inc. Join the discussion at JBoard.tv.